| 000 | 00457nam a22001817a 4500 | ||
|---|---|---|---|
| 003 | MPLRDC | ||
| 005 | 20220104142614.0 | ||
| 008 | 210129b ||||| |||| 00| 0 eng d | ||
| 020 | _a7-80523-440-X | ||
| 082 | _a857.4523 TLF | ||
| 100 | _a谭洛非主编 | ||
| 245 |
_a三国演义与中国文化 _c |
||
| 250 | _a一版一刷 | ||
| 260 |
_a _b巴蜀书社 _c1992 |
||
| 300 | _b平 | ||
| 650 | _a历史小说--三国演义 | ||
| 942 |
_cBK _o857.4523 TLF |
||
| 999 |
_c32232 _d32222 |
||